000 00205 a2200097 4500
001 53407
100 _aInnes Hammond,
245 _aSolomons Seal
260 _a
_bWilliam Collins
_c
090 _c33653
_d33653
942 _aNUST-CAE
_cM
_c26284
999 _c288480
_d288480